| 000 | 00750nas a2200265 4500 | ||
|---|---|---|---|
| 001 | BR8304314 | ||
| 003 | BR-BrBNA | ||
| 005 | 20231205085648.0 | ||
| 007 | ta | ||
| 008 | 230509b bl.|||p| |||| 00| 00por d | ||
| 040 |
_aBR-BrBNA _bpor _cBiblioteca Nacional de Agricultura |
||
| 041 | _a(Pt) | ||
| 072 | _aH60 | ||
| 100 | 1 | _aCalegaro, P.R. | |
| 100 | 1 | _aBauer, D. | |
| 245 | 1 | _aPlantas daninhas em arroz irrigado [Oryza sativa] | |
| 650 | _aARROZ IRRIGADO | ||
| 650 | _aERVA DANINHA | ||
| 650 | _aCONTROLE MECANICO | ||
| 650 | _aCONTROLE QUIMICO | ||
| 650 | _aHERBICIDA | ||
| 773 | 0 |
_tCorreio Agricola (Brazil) _xISSN 0100-3909 _g(1983), (no. 2) p. 536-539 _wBR8304314 |
|
| 909 |
_a202311 _bLúcia _c55 _dLúcia Elande |
||
| 942 |
_2AGRIS _n0 _cANA |
||
| 999 |
_c112889 _d112889 |
||